[Event "GER-chT U12"]
[Site "Magdeburg"]
[Date "2018.12.27"]
[Round "2.1"]
[White "Laux, Dominik"]
[Black "Buschmann, Mark"]
[Result "1/2-1/2"]
[WhiteElo "2058"]
[BlackElo "1351"]
[PlyCount "107"]
[EventDate "2018.12.27"]
[EventType "team-swiss"]
[EventRounds "7"]
[EventCountry "GER"]
[SourceTitle "CBM 188 Extra"]
[Source "ChessBase"]
[SourceDate "2019.02.26"]
[SourceVersion "1"]
[SourceVersionDate "2019.02.26"]
[SourceQuality "1"]
[WhiteTeam "Offenbach"]
[BlackTeam "Muldental Wilkau Hasslau"]
[WhiteTeamCountry "GER"]
[BlackTeamCountry "GER"]

1. d4 Nf6 2. Bg5 h6 3. Bxf6 exf6 4. g3 Be7 5. Bg2 d5 6. e3 Be6 7. Ne2 Nd7 8. Nd2 0-0 9. 0-0 c5 10. Nf4 Nb6 11. dxc5 Bxc5 12. Nb3 Be7 13. Nd4 Bc8 14. Qf3 Qd6 15. Nxd5 Nxd5 16. Qxd5 Qxd5 17. Bxd5 Bc5 18. Rfd1 Rd8 19. Bf3 Rb8 20. Rd2 b6 21. Rad1 Rd7 22. c3 Ba6 23. Nc6 Rxd2 24. Rxd2 Rc8 25. Rd7 Bb5 26. Ne7+ Bxe7 27. Rxe7 a6 28. Rb7 Bc6 29. Bxc6 Rxc6 30. Kf1 Rd6 31. Ke2 Kf8 32. a4 a5 33. e4 Ke8 34. Ke3 Kf8 35. f4 Ke8 36. Rc7 Kf8 37. b4 axb4 38. cxb4 Rd1 39. Rc6 Ra1 40. Rxb6 Rxa4 41. Rb7 Ra2 42. h4 Ra3+ 43. Kf2 Ra2+ 44. Kf3 Ra3+ 45. Kg2 Ra2+ 46. Kh3 Re2 47. h5 Rxe4 48. b5 g6 49. hxg6 fxg6 50. b6 Rb4 51. Rb8+ Kg7 52. Rb7+ Kg8 53. Rb8+ Kg7 54. Rb7+ 1/2-1/2